Leçons théoriques et cliniques sur les affections cutanées de nature arthritique et dartrense considerées en elles mêmes et dans leurs rapport avec eruptions scropulenses parasitaries / (Record no. 31095)

MARC details
000 -LEADER
campo de control de longitud fija 00670nam a2200145 i 4500
001 - NÚMERO DE CONTROL
campo de control 31095
003 - IDENTIFICADOR DE NÚMERO DE CONTROL
campo de control ES-MaACL
007 - CAMPO FIJO DE DESCRIPCIÓN FÍSICA--INFORMACIÓN GENERAL
campo de control de longitud fija t|
008 - DATOS DE LONGITUD FIJA--INFORMACIÓN GENERAL
campo de control de longitud fija 030128s1862 fr ||||1| fre d
100 1# - ENTRADA PRINCIPAL--NOMBRE DE PERSONA
Nombre de persona Bazin, Antoine-Pierre Ernest.
9 (RLIN) 26746
245 10 - MENCIÓN DEL TÍTULO
Título Leçons théoriques et cliniques sur les affections cutanées de nature arthritique et dartrense considerées en elles mêmes et dans leurs rapport avec eruptions scropulenses parasitaries /
Mención de responsabilidad, etc. Antoine-Pierre Ernest Bazin ; rédigées et publiées par Lucient Sergent.
260 ## - PUBLICACIÓN, DISTRIBUCIÓN, ETC.
Lugar de publicación, distribución, etc. París :
Nombre del editor, distribuidor, etc. [s.n.,
Fecha de publicación, distribución, etc. 1862] (
Fabricante E. Martinet)
700 1# - ENTRADA AGREGADA--NOMBRE PERSONAL
Nombre de persona Sergent, Lucien.
9 (RLIN) 105545
852 ## - LOCALIZACIÓN
Ubicación ES-MaACL
Número de control de estantería G-14082(3)
condición física . - Encuadernado con otras obras
Holdings
Estatus retirado Estado de pérdida Estado de daño No para préstamo Colección Biblioteca de origen Biblioteca actual Ubicación en estantería Fecha de adquisición Fuente de adquisición Total de préstamos Signatura topográfica completa Código de barras Visto por última vez Precio de reemplazo Tipo de ítem Koha
        Libros del s. XIX Biblioteca del Ateneo de Madrid Biblioteca del Ateneo de Madrid Sala Pecera Planta 3 17/01/2008     G-14082(3) 1032123 23/02/2023 23/02/2023 Libro impreso antiguo